=LDR 00000nam 2200000 4500 =001 INLIS000000000028209 =005 20201221094413 =035 ##$$a 0010-061300000028209 =008 201221################g##########0#ind## =041 ##$$a Ind =082 ##$$a 331.11 =090 ##$$a 331.11, Nit e =100 ##$$a Nitisemito, Alex S =245 1#$$a Empat puluh lima wawasan sumber daya manusia /$c Alex S Nitisemito =260 ##$$a Jakarta :$b Pustaka Utama Grafiti,$c 1996 =300 ##$$a viii, 187 hlm. : $b ilus. ; $c 19 x 13 cm. =650 #4$$a Tenaga Kerja =850 ##$$a NBPNMAT =020 ##$$a 979-444-373-5 =084 ##$$a 331.11 NIT e =990 ##$$a 111.998/Pro.97 =990 ##$$a 00033488 =990 ##$$a 111.998/Pro.97 =990 ##$$a 104.294/Pro-96 =990 ##$$a 111.998/Pro.97 =990 ##$$a 13171317 =990 ##$$a 104.294/Pro-96 =990 ##$$a 111.998/Pro.97 =990 ##$$a 111.998/Pro.97 =990 ##$$a 104.294/Pro-96 =990 ##$$a 11901190 =990 ##$$a 111.998/Pro.97 =990 ##$$a 104.294/Pro-96